| 000 | 00657nam a2200217Ia 4500 | ||
|---|---|---|---|
| 001 | 3241 | ||
| 003 | GE_BSU | ||
| 008 | 181216s||||||||xx |||||||||||||| ||und|| | ||
| 040 | _cGE_BSU | ||
| 080 | _a624.154(035.3) | ||
| 100 | _aСмородинов,М.И. Федоров,Б.С. Светинский,Е.В. и др. | ||
| 245 | _aСвайные работы. | ||
| 245 | _bСправочник строителя. | ||
| 245 | _cПод ред. М.И.Смородинова. | ||
| 260 | _aМ. | ||
| 260 | _bСтройиздат. | ||
| 260 | _c1979. | ||
| 300 | _a167 стр. 20 см. с илл. | ||
| 653 | _aСвайные работы. | ||
| 942 | _cBK | ||
| 999 |
_c37282 _d37282 |
||